000 00961nam a22003137a 4500
003 CHAP
005 20220329133730.0
008 971013s1990 r 00010 d
010 _a10086
011 _a11058
035 _a10296
040 _cCHAP
082 _a581.13
_bB35
100 0 0 _aBaligar, V. C.
_eed.
_99694
245 _aCrops as enhancers of nutrients use
260 _aSan Diego :
_bAcademic Press,
_c1990
300 _a574 p.
590 _aBATCH-UPD
_b10
_c20130110
_lUCH01
_h1920
590 _aBATCH-UPD
_b10
_c20130410
_lUCH01
_h1246
590 _aBATCH-UPD
_b10
_c20130914
_lUCH01
_h0530
590 _aCONVERSION
_b10
_c20130109
_lUCH01
_h1306
650 1 4 _aDiagnóstico foliar.
_932394
650 1 4 _aSuelos y cultivos.
_9110571
650 1 4 _aSuelos y nutrición.
_9110578
700 0 _aDuncan, R. R.
_eed.
_934474
901 _aBK
942 _cLIBRO
949 _a581.13 B35
_bBC
_cLIBRO
_d33724000002770
_eLIBRO
_gI.174750
_h88076
_i10296
_si
_t459.28
999 _c10086
_d10086